[Event "15th IT Zenica 2011"]
[Site "Zenica"]
[Date "2011.11.13"]
[Round "1.1"]
[White "Muratovic, Enver"]
[Black "Radlovacki, Jovan"]
[Result "1/2-1/2"]
[WhiteElo "2305"]
[BlackElo "2429"]
[PlyCount "93"]
[EventDate "2011.11.13"]

1. e4 c6 2. c4 d5 3. exd5 cxd5 4. cxd5 Nf6 5. Qa4+ Nbd7 6. Nc3 g6 7. d4 Bg7 8.
d6 exd6 9. Be2 O-O 10. Nf3 Nb6 11. Qa5 h6 12. O-O Be6 13. b3 Nbd5 14. Qxd8
Rfxd8 15. Nxd5 Nxd5 16. Bd2 Ne7 17. Rac1 Nf5 18. Bc4 d5 19. Bd3 g5 20. Bxf5
Bxf5 21. Rc7 Rab8 22. h4 f6 23. hxg5 hxg5 24. Bb4 Rd7 25. Rfc1 Re8 26. Rxd7
Bxd7 27. Rc7 Bc6 28. Be7 Kf7 29. Bc5+ Kg6 30. Be7 Bh6 31. a4 Kf5 32. g3 Rg8 33.
Bc5 a6 34. Kg2 Rg7 35. Rxg7 Bxg7 36. Nd2 g4 37. f4 gxf3+ 38. Kxf3 Bh6 39. Nf1
Be8 40. Ne3+ Ke6 41. Ng2 Kd7 42. Nf4 Kc6 43. Be7 f5 44. Ke3 Bh5 45. Kd3 Bf3 46.
Kc3 Bxf4 47. gxf4 1/2-1/2

[Event "15th IT Zenica 2011"]
[Site "Zenica"]
[Date "2011.11.13"]
[Round "1.3"]
[White "Trkulja, Goran"]
[Black "Radic, Bojan"]
[Result "1-0"]
[WhiteElo "2371"]
[BlackElo "2165"]
[PlyCount "71"]
[EventDate "2011.11.13"]

1. d4 Nf6 2. c4 g6 3. Nc3 d5 4. Bf4 Bg7 5. Rc1 O-O 6. e3 c6 7. Nf3 Nh5 8. Bg5
h6 9. Bh4 Be6 10. cxd5 cxd5 11. Qb3 b6 12. Be2 g5 13. Bg3 Nxg3 14. hxg3 Nc6 15.
Qa4 Na5 16. Ne5 a6 17. f4 b5 18. Qd1 Qd6 19. Bd3 gxf4 20. gxf4 f5 21. Qh5 Nc4
22. Qe2 Nxe5 23. fxe5 Qb6 24. g3 Rac8 25. O-O Qa5 26. a3 Qd8 27. Qf3 Kh8 28.
Ne2 Rxc1 29. Rxc1 Bg8 30. Nf4 Kh7 31. g4 e6 32. gxf5 exf5 33. Qh5 Qg5+ 34. Kf2
Bf7 35. Qh3 Be8 36. Ne6 1-0

[Event "15th IT Zenica 2011"]
[Site "Zenica"]
[Date "2011.11.13"]
[Round "1.4"]
[White "Goric, Esad"]
[Black "Novoselski, Zoran"]
[Result "1/2-1/2"]
[WhiteElo "2382"]
[BlackElo "2376"]
[PlyCount "133"]
[EventDate "2011.11.13"]

1. Nf3 e6 2. d4 f5 3. b3 Nf6 4. Bb2 a5 5. e3 a4 6. Bd3 b6 7. O-O Bb7 8. c4 a3
9. Bc1 Be7 10. Ne1 Bd6 11. f4 O-O 12. Nc3 Bb4 13. Bd2 Na6 14. Nc2 c5 15. Nxb4
cxb4 16. Ne2 Ne4 17. Bxe4 Bxe4 18. Ng3 Bd3 19. Rf2 d5 20. cxd5 exd5 21. Be1 Bb5
22. Rc2 Qe7 23. Bf2 Qe6 24. Rac1 Rac8 25. h3 Nb8 26. Qd2 Rxc2 27. Rxc2 Nc6 28.
Nf1 Bxf1 29. Kxf1 Rf6 30. Qd3 Qe4 31. Qxe4 fxe4 32. g4 h6 33. Be1 Kf7 34. f5
Ke8 35. Bh4 g5 36. Bg3 Kd7 37. Kg2 Rf8 38. h4 gxh4 39. Bxh4 h5 40. Kg3 hxg4 41.
Kxg4 Rg8+ 42. Bg5 Nd8 43. Kh5 Rh8+ 44. Kg6 Rg8+ 45. Kh5 Rh8+ 46. Kg4 Rg8 47.
Rh2 Nf7 48. Rh7 Ke8 49. Rh5 Kd7 50. Kf4 Kd6 51. Kg4 Kd7 52. Kh4 Rc8 53. Rh7 Ke8
54. Kh5 Rc6 55. f6 Rc2 56. Kg6 Nxg5 57. Kxg5 Rxa2 58. Kf5 Rc2 59. Ra7 b5 60.
Ra8+ Kf7 61. Ra7+ Kf8 62. Ke6 Rc6+ 63. Kxd5 Rxf6 64. Kc5 Rf3 65. Kxb4 Rxe3 66.
Rxa3 Rd3 67. Kxb5 1/2-1/2

[Event "15th IT Zenica 2011"]
[Site "Zenica"]
[Date "2011.11.14"]
[Round "2.1"]
[White "Radlovacki, Jovan"]
[Black "Martinovic, Slobodan"]
[Result "1/2-1/2"]
[WhiteElo "2429"]
[BlackElo "2433"]
[PlyCount "26"]
[EventDate "2011.11.13"]

1. e4 c6 2. d4 d5 3. Nd2 dxe4 4. Nxe4 Bf5 5. Ng3 Bg6 6. Nf3 Nd7 7. h4 h6 8. h5
Bh7 9. Bd3 Bxd3 10. Qxd3 e6 11. Bd2 Ngf6 12. O-O-O Be7 13. Kb1 O-O 1/2-1/2

[Event "15th IT Zenica 2011"]
[Site "Zenica"]
[Date "2011.11.14"]
[Round "2.2"]
[White "Novoselski, Zoran"]
[Black "Mestrovic, Zvonimir"]
[Result "1/2-1/2"]
[WhiteElo "2376"]
[BlackElo "2372"]
[PlyCount "39"]
[EventDate "2011.11.13"]

1. e4 c5 2. Nf3 d6 3. d4 cxd4 4. Qxd4 e5 5. Qd3 Be7 6. Nc3 Nf6 7. Bg5 Nbd7 8.
Nd2 O-O 9. Be2 h6 10. Be3 a6 11. a4 Qc7 12. Nc4 Nc5 13. Bxc5 Qxc5 14. Qe3 Qxe3
15. Nxe3 Be6 16. Bc4 Rac8 17. Bb3 Bd8 18. O-O Bb6 19. Ned5 Bxd5 20. Nxd5
1/2-1/2

[Event "15th IT Zenica 2011"]
[Site "Zenica"]
[Date "2011.11.14"]
[Round "2.4"]
[White "Kojic, Tigran"]
[Black "Trkulja, Goran"]
[Result "0-1"]
[WhiteElo "2289"]
[BlackElo "2371"]
[PlyCount "118"]
[EventDate "2011.11.13"]

1. d4 Nf6 2. c4 c5 3. d5 e5 4. Nc3 d6 5. e4 Be7 6. Bd3 Nbd7 7. Nge2 Nf8 8. Ng3
g6 9. h3 h5 10. Be3 h4 11. Nge2 Nh5 12. Qd2 Nh7 13. a3 Bg5 14. b4 b6 15. Bxg5
Nxg5 16. Nb5 f6 17. Rb1 O-O 18. f3 a6 19. Nbc3 f5 20. bxc5 bxc5 21. exf5 gxf5
22. O-O f4 23. Ne4 Nxe4 24. Bxe4 Ra7 25. Bg6 Qg5 26. Bxh5 Qxh5 27. Rb6 Qg6 28.
Kh1 Rg7 29. Nc3 Bxh3 30. gxh3 Qf5 31. Qh2 Rg3 32. Rg1 Qd3 33. Ne2 Qxf3+ 34. Rg2
Rxg2 35. Qxg2+ Qxg2+ 36. Kxg2 f3+ 37. Kf2 fxe2+ 38. Kxe2 Rf6 39. Rxa6 Kf7 40.
Rb6 Ke7 41. Rb3 Rf4 42. Rc3 Kd7 43. Kd2 Kc7 44. Kc2 Kb6 45. Kb3 Ka5 46. Re3 Rf2
47. Rd3 e4 48. Rc3 Rg2 49. Rc1 Rg3+ 50. Kc2 Rxa3 51. Re1 e3 52. Rb1 e2 53. Kd2
Rxh3 54. Kxe2 Rg3 55. Kf2 Rg6 56. Ke3 h3 57. Rh1 Rh6 58. Kf4 Kb4 59. Kg5 Rh8
0-1

[Event "15th IT Zenica 2011"]
[Site "Zenica"]
[Date "2011.11.14"]
[Round "2.5"]
[White "Muratovic, Enver"]
[Black "Dizdarevic, Emir"]
[Result "0-1"]
[WhiteElo "2305"]
[BlackElo "2485"]
[PlyCount "68"]
[EventDate "2011.11.13"]

1. e4 c6 2. d4 d5 3. e5 Bf5 4. h4 h6 5. g4 Bd7 6. Nd2 c5 7. dxc5 Qa5 8. c3 Qxc5
9. Nb3 Qc7 10. Bf4 e6 11. Nf3 Nf6 12. Nfd4 Ne4 13. Nb5 Bxb5 14. Bxb5+ Nd7 15.
Bxd7+ Qxd7 16. Be3 Qc7 17. f3 Nc5 18. Nxc5 Bxc5 19. Bxc5 Qxc5 20. Qd4 Rc8 21.
Qxc5 Rxc5 22. O-O-O Ke7 23. Rd4 Rhc8 24. Re1 b5 25. Kd2 a5 26. a3 Rc4 27. Kd3
R8c5 28. f4 b4 29. axb4 axb4 30. Rxc4 Rxc4 31. Rf1 bxc3 32. bxc3 g5 33. h5 Rxf4
34. Rxf4 gxf4 0-1

[Event "15th IT Zenica 2011"]
[Site "Zenica"]
[Date "2011.11.14"]
[Round "3.1"]
[White "Dizdarevic, Emir"]
[Black "Radlovacki, Jovan"]
[Result "1/2-1/2"]
[WhiteElo "2485"]
[BlackElo "2429"]
[PlyCount "58"]
[EventDate "2011.11.13"]

1. Nf3 e6 2. g3 b6 3. Bg2 Bb7 4. c4 c5 5. O-O Nf6 6. b3 Be7 7. Bb2 O-O 8. Nc3
a6 9. e3 d5 10. cxd5 Nxd5 11. Nxd5 Bxd5 12. Qe2 Be4 13. d4 cxd4 14. Nxd4 Bxg2
15. Kxg2 Bf6 16. Rfd1 Qe7 17. Qf3 Ra7 18. Rac1 Qb7 19. Rd2 Qxf3+ 20. Kxf3 Rb7
21. Rdc2 h6 22. Rc7 Rxc7 23. Rxc7 Rd8 24. Nc6 Nxc6 25. Bxf6 Rd6 26. Bb2 Nb4 27.
Ba3 Rc6 28. Ra7 Nxa2 29. Rxa6 Nc3 1/2-1/2

[Event "15th IT Zenica 2011"]
[Site "Zenica"]
[Date "2011.11.14"]
[Round "3.2"]
[White "Trkulja, Goran"]
[Black "Muratovic, Enver"]
[Result "1-0"]
[WhiteElo "2371"]
[BlackElo "2305"]
[PlyCount "39"]
[EventDate "2011.11.13"]

1. d4 d5 2. c4 c6 3. Nf3 Nf6 4. e3 e6 5. Nbd2 Nbd7 6. Bd3 Bd6 7. O-O O-O 8. e4
dxe4 9. Nxe4 Nxe4 10. Bxe4 h6 11. Bc2 e5 12. c5 Bc7 13. Be3 Re8 14. d5 cxd5 15.
Qxd5 Qe7 16. c6 bxc6 17. Qxc6 Nb6 18. Bc5 Qe6 19. Qxc7 Ba6 20. Bb3 1-0

[Event "15th IT Zenica 2011"]
[Site "Zenica"]
[Date "2011.11.14"]
[Round "3.3"]
[White "Goric, Esad"]
[Black "Kojic, Tigran"]
[Result "1/2-1/2"]
[WhiteElo "2382"]
[BlackElo "2289"]
[PlyCount "23"]
[EventDate "2011.11.13"]

1. Nf3 f5 2. d4 Nf6 3. b3 e6 4. c4 d5 5. e3 c6 6. Bd3 Bd6 7. O-O O-O 8. Bb2 Bd7
9. Ne5 Be8 10. Nd2 Bh5 11. Be2 Bxe2 12. Qxe2 1/2-1/2

[Event "15th IT Zenica 2011"]
[Site "Zenica"]
[Date "2011.11.14"]
[Round "3.4"]
[White "Mestrovic, Zvonimir"]
[Black "Radic, Bojan"]
[Result "1-0"]
[WhiteElo "2372"]
[BlackElo "2165"]
[PlyCount "53"]
[EventDate "2011.11.13"]

1. d4 Nf6 2. Nc3 d5 3. Bg5 e6 4. e4 dxe4 5. Nxe4 Be7 6. Bxf6 Bxf6 7. c3 O-O 8.
Bd3 Be7 9. Nf3 b6 10. Qc2 Ba6 11. Bxa6 Nxa6 12. O-O-O Qd5 13. Kb1 Rfd8 14. Rhe1
Rac8 15. Neg5 g6 16. Re5 Qb7 17. Qe2 c5 18. d5 Bf6 19. d6 c4 20. Rxe6 Bxg5 21.
Nxg5 Qd7 22. Rf6 Rf8 23. h3 Qb5 24. Nxf7 Kg7 25. d7 Kxf6 26. dxc8=Q Rxc8 27.
Nd6 1-0

[Event "15th IT Zenica 2011"]
[Site "Zenica"]
[Date "2011.11.14"]
[Round "3.5"]
[White "Martinovic, Slobodan"]
[Black "Novoselski, Zoran"]
[Result "1/2-1/2"]
[WhiteElo "2433"]
[BlackElo "2376"]
[PlyCount "38"]
[EventDate "2011.11.13"]

1. d4 Nf6 2. Nf3 g6 3. Bg5 Bg7 4. e3 c5 5. c3 b6 6. Nbd2 O-O 7. Bd3 Ba6 8. Bxa6
Nxa6 9. O-O d6 10. Qe2 Nc7 11. Rad1 h6 12. Bxf6 exf6 13. dxc5 dxc5 14. Nc4 Qe7
15. Rd2 Rfd8 16. Rfd1 Bf8 17. a4 Qe8 18. Rxd8 Rxd8 19. Rxd8 Qxd8 1/2-1/2

[Event "15th IT Zenica 2011"]
[Site "Zenica"]
[Date "2011.11.15"]
[Round "4.3"]
[White "Kojic, Tigran"]
[Black "Mestrovic, Zvonimir"]
[Result "1/2-1/2"]
[WhiteElo "2289"]
[BlackElo "2372"]
[PlyCount "97"]
[EventDate "2011.11.13"]

1. d4 Nc6 2. Nf3 d6 3. d5 Nb8 4. e4 Nf6 5. Nc3 g6 6. Be2 Bg7 7. h3 O-O 8. O-O
c6 9. Re1 cxd5 10. exd5 Nbd7 11. Bf1 Nc5 12. Nd4 Bd7 13. Bf4 Re8 14. Qd2 Rc8
15. Rab1 Qb6 16. Be3 Nce4 17. Nxe4 Nxe4 18. Qd1 Qc7 19. c4 a5 20. Qf3 Bxd4 21.
Qxe4 Bg7 22. g4 e5 23. Qg2 f5 24. gxf5 Bxf5 25. Rbc1 Qe7 26. Red1 e4 27. Rc2
Be5 28. b3 Rf8 29. Rdc1 Bd7 30. Bg5 Qf7 31. Be2 Bd4 32. Bg4 Bxg4 33. hxg4 Rce8
34. Re1 Qf3 35. Rce2 Re5 36. Qxf3 Rxf3 37. Be3 Bxe3 38. Rxe3 Rf4 39. f3 exf3
40. Kf2 Rxe3 41. Rxe3 Rxg4 42. Kxf3 h5 43. Re6 Rg1 44. Rxd6 h4 45. Kf2 Rg4 46.
c5 h3 47. c6 bxc6 48. dxc6 Kg7 49. Kf3 1/2-1/2

[Event "15th IT Zenica 2011"]
[Site "Zenica"]
[Date "2011.11.16"]
[Round "5.1"]
[White "Trkulja, Goran"]
[Black "Radlovacki, Jovan"]
[Result "1/2-1/2"]
[WhiteElo "2371"]
[BlackElo "2429"]
[PlyCount "94"]
[EventDate "2011.11.13"]

1. d4 Nf6 2. Nf3 e6 3. c4 b6 4. g3 Bb7 5. Bg2 d5 6. Ne5 Bd6 7. Nc3 O-O 8. O-O
c6 9. cxd5 exd5 10. e4 Nxe4 11. Nxe4 dxe4 12. Bxe4 Qe7 13. Qc2 h6 14. Nc4 Bc7
15. Re1 Qd8 16. Ne5 Bxe5 17. dxe5 Qe7 18. f4 c5 19. Qg2 Bxe4 20. Qxe4 Nd7 21.
f5 c4 22. Bf4 b5 23. f6 Qe6 24. fxg7 Rfe8 25. Qe3 Nb6 26. Rad1 Nd5 27. Qd2 Rad8
28. Bxh6 Qb6+ 29. Kg2 Qc6 30. Kh3 c3 31. bxc3 Qc8+ 32. g4 Nxc3 33. Qc2 Rxd1 34.
Rxd1 Nxd1 35. Qxd1 Rxe5 36. Qd6 Re8 37. Qf8+ Rxf8 38. gxf8=Q+ Qxf8 39. Bxf8
Kxf8 40. Kg3 b4 41. Kf4 a5 42. Ke3 a4 43. Kd3 f5 44. gxf5 Kf7 45. Kc4 b3 46.
axb3 axb3 47. Kxb3 Kf6 1/2-1/2

[Event "15th IT Zenica 2011"]
[Site "Zenica"]
[Date "2011.11.16"]
[Round "5.2"]
[White "Goric, Esad"]
[Black "Dizdarevic, Emir"]
[Result "0-1"]
[WhiteElo "2382"]
[BlackElo "2485"]
[PlyCount "54"]
[EventDate "2011.11.13"]

1. Nf3 g6 2. d4 Nf6 3. b3 c5 4. e3 cxd4 5. exd4 Bg7 6. Be2 O-O 7. O-O d5 8. Bb2
Nc6 9. Ne5 Ne4 10. Nd2 Nd6 11. Ndf3 Qb6 12. Nxc6 bxc6 13. Ba3 Qa5 14. Bb2 c5
15. Ne5 cxd4 16. Nc6 Qc7 17. Nxd4 Qb6 18. Rb1 Bb7 19. Nf3 Rac8 20. Bxg7 Kxg7
21. Bd3 Ne4 22. Ra1 Nc3 23. Qe1 Rfe8 24. Nd2 e5 25. Nb1 e4 26. Nxc3 exd3 27.
Qd2 Qb4 0-1

[Event "15th IT Zenica 2011"]
[Site "Zenica"]
[Date "2011.11.16"]
[Round "5.3"]
[White "Mestrovic, Zvonimir"]
[Black "Muratovic, Enver"]
[Result "0-1"]
[WhiteElo "2372"]
[BlackElo "2305"]
[PlyCount "104"]
[EventDate "2011.11.13"]

1. e4 e6 2. d4 d5 3. Nc3 Nf6 4. Bd3 dxe4 5. Nxe4 Nbd7 6. Nxf6+ Nxf6 7. Nf3 c5
8. dxc5 Bxc5 9. Qe2 Qc7 10. O-O a6 11. Bd2 Nd5 12. Be4 Nf6 13. Bc3 Bd7 14. Be5
Qb6 15. Rad1 Rd8 16. Rd3 Bb5 17. Rxd8+ Kxd8 18. c4 Bc6 19. Bxc6 Qxc6 20. Bc3
Kc8 21. b4 Bd6 22. Qb2 Ne8 23. b5 axb5 24. cxb5 Qd5 25. b6 Kd7 26. a4 Ke7 27.
a5 Nf6 28. Rc1 Rc8 29. Qe2 Rd8 30. Be5 Bc5 31. Bc7 Ra8 32. Rd1 Qb3 33. Ra1 Ng4
34. Bg3 Nf6 35. Qe5 Nd7 36. Qg5+ Ke8 37. h3 Qc3 38. Rd1 Rxa5 39. Qh4 Ra1 40.
Rxa1 Qxa1+ 41. Kh2 h6 42. Qe4 Nxb6 43. Qxb7 Qa8 44. Qc7 Qc8 45. Qe5 Kf8 46. Qe4
Kg8 47. Qg4 Nd7 48. Qc4 Qb7 49. Ne5 Nxe5 50. Qxc5 Ng6 51. Bd6 Nh4 52. f3 Qb2
0-1

[Event "15th IT Zenica 2011"]
[Site "Zenica"]
[Date "2011.11.16"]
[Round "5.4"]
[White "Martinovic, Slobodan"]
[Black "Kojic, Tigran"]
[Result "1/2-1/2"]
[WhiteElo "2433"]
[BlackElo "2289"]
[PlyCount "99"]
[EventDate "2011.11.13"]

1. Nf3 f5 2. d3 Nf6 3. Bg5 e6 4. e4 Be7 5. Nc3 O-O 6. e5 Nd5 7. Bxe7 Qxe7 8.
Qd2 Nc6 9. Nxd5 exd5 10. d4 d6 11. O-O-O dxe5 12. Nxe5 Nxe5 13. Re1 f4 14. Rxe5
Qd6 15. Bd3 Bd7 16. g3 c6 17. Rh5 g6 18. Re5 Qf6 19. Rhe1 Rae8 20. h4 fxg3 21.
fxg3 Rxe5 22. Rxe5 Bg4 23. b3 Kg7 24. Qe3 Rf7 25. Qg5 Qxg5+ 26. Rxg5 Bf3 27.
Re5 Kf6 28. Kd2 h6 29. Ke3 Bd1 30. c4 dxc4 31. bxc4 Rd7 32. Re8 Kf7 33. Ra8 a6
34. c5 Bg4 35. Bc4+ Be6 36. Bxe6+ Kxe6 37. Rh8 h5 38. Ke4 Kf6 39. Rf8+ Ke7 40.
Rb8 Kf6 41. Rf8+ Ke7 42. Rf3 Ke6 43. a4 Rg7 44. Rf8 g5 45. Rh8 gxh4 46. Rh6+
Kd7 47. gxh4 Rg4+ 48. Ke5 Rxh4 49. Rh7+ Kc8 50. a5 1/2-1/2

[Event "15th IT Zenica 2011"]
[Site "Zenica"]
[Date "2011.11.16"]
[Round "5.5"]
[White "Novoselski, Zoran"]
[Black "Radic, Bojan"]
[Result "1/2-1/2"]
[WhiteElo "2376"]
[BlackElo "2165"]
[PlyCount "102"]
[EventDate "2011.11.13"]

1. d4 Nf6 2. Nf3 g6 3. Nc3 d5 4. Bf4 Bg7 5. e3 O-O 6. h3 c5 7. dxc5 Qa5 8. Nd2
Qxc5 9. Nb3 Qb6 10. a4 a5 11. Nb5 Na6 12. Be5 Bd7 13. c3 Bc6 14. Be2 Nd7 15.
Bxg7 Kxg7 16. Qd4+ Qxd4 17. exd4 b6 18. O-O Nf6 19. Rfe1 e6 20. g4 h6 21. Bd3
Bxb5 22. Bxb5 Nc7 23. Bc6 Ra7 24. Nd2 Nce8 25. Bb5 Nd6 26. Bd3 Rc7 27. f3 Rb8
28. Nb1 Nc4 29. Re2 Ne8 30. Ra2 Nf6 31. Kf2 Nd7 32. Na3 Nxa3 33. Rxa3 Kf6 34.
Rb3 g5 35. Kg3 Nf8 36. f4 gxf4+ 37. Kxf4 Ng6+ 38. Kg3 Ne7 39. Ra3 Nc8 40. Ra1
Nd6 41. Kf4 Nc4 42. h4 b5 43. axb5 Rxb5 44. g5+ hxg5+ 45. hxg5+ Ke7 46. g6 fxg6
47. Kg5 Rcb7 48. Kxg6 Rxb2 49. Bxc4 dxc4 50. Rxb2 Rxb2 51. Rxa5 Rc2 1/2-1/2

[Event "15th IT Zenica 2011"]
[Site "Zenica"]
[Date "2011.11.16"]
[Round "6.2"]
[White "Kojic, Tigran"]
[Black "Novoselski, Zoran"]
[Result "1/2-1/2"]
[WhiteElo "2289"]
[BlackElo "2376"]
[PlyCount "145"]
[EventDate "2011.11.13"]

1. d4 e6 2. c4 f5 3. g3 Nf6 4. Bg2 Be7 5. Nc3 d5 6. Nf3 O-O 7. O-O c6 8. Bg5
Nbd7 9. Qb3 Kh8 10. e3 Qe8 11. Ne2 Ne4 12. Bxe7 Qxe7 13. Rfd1 g5 14. Ne5 Qg7
15. Qa3 Rg8 16. f3 Nef6 17. Rac1 Ne8 18. Nxd7 Bxd7 19. e4 fxe4 20. fxe4 dxe4
21. Bxe4 Nf6 22. Bg2 Be8 23. Qe3 Bh5 24. h3 Rgf8 25. g4 Bf7 26. Rf1 Rae8 27.
Qe5 Ng8 28. Rcd1 Qxe5 29. dxe5 Re7 30. Ng3 Kg7 31. Ne4 h6 32. Rf2 Rc7 33. Rdf1
Ne7 34. Nc5 Ng6 35. h4 b6 36. Rxf7+ Rcxf7 37. Nxe6+ Kg8 38. Nxf8 Rxf1+ 39. Kxf1
Kxf8 40. hxg5 hxg5 41. Bxc6 Nxe5 42. Bd5 Ke7 43. Ke2 Kd6 44. Ke3 Kc5 45. Be6
Kd6 46. Bd5 Nxg4+ 47. Kd4 Nf6 48. Bg2 a5 49. b3 Nh5 50. Bh3 Nf4 51. Bg4 Ng6 52.
Be2 Ne5 53. Ke4 Nc6 54. a3 Kc5 55. Kd3 g4 56. Kc3 Ne5 57. b4+ Kd6 58. Kd4 g3
59. Bf1 Nf3+ 60. Ke3 Nh4 61. Bh3 Ke5 62. Bd7 Kd6 63. Bh3 Ng6 64. Ke4 a4 65. c5+
bxc5 66. bxc5+ Kxc5 67. Kf3 g2 68. Kf2 Ne5 69. Bxg2 Nc4 70. Bf3 Nd2 71. Bd1 Nb3
72. Ke3 Kc4 73. Be2+ 1/2-1/2

[Event "15th IT Zenica 2011"]
[Site "Zenica"]
[Date "2011.11.16"]
[Round "6.3"]
[White "Muratovic, Enver"]
[Black "Martinovic, Slobodan"]
[Result "1/2-1/2"]
[WhiteElo "2305"]
[BlackElo "2433"]
[PlyCount "162"]
[EventDate "2011.11.13"]

1. e4 c5 2. Nf3 e6 3. Nc3 Nc6 4. Bb5 Nge7 5. O-O a6 6. Bxc6 Nxc6 7. Re1 d6 8.
b3 Be7 9. Bb2 Bf6 10. Na4 e5 11. h3 O-O 12. Nc3 Be6 13. d3 g6 14. Bc1 Bg7 15.
Ng5 Bd7 16. Nd5 h6 17. Nf3 f5 18. Nh2 f4 19. c3 Be6 20. Bb2 Rc8 21. Nf3 g5 22.
Nh2 Qe8 23. Kf1 Qf7 24. c4 Ne7 25. Nxe7+ Qxe7 26. f3 h5 27. Ke2 Rf6 28. Kd2 Rg6
29. Qe2 Kf7 30. Kc2 Rg8 31. Rh1 Qd7 32. Rag1 g4 33. hxg4 hxg4 34. Nf1 Ke8 35.
Rh7 Qd8 36. Rgh1 gxf3 37. gxf3 Bf8 38. Nd2 Rg2 39. Qe1 Be7 40. Bc3 b5 41. a3
Qd7 42. Rh8 Bf6 43. Rxg8+ Bxg8 44. Rg1 Qg7 45. Rh1 Qg3 46. Qf1 Qf2 47. Qxf2
Rxf2 48. Kd1 Rg2 49. Ke1 Be6 50. Rh7 Rg1+ 51. Nf1 Rg2 52. Rh2 Rg7 53. Rh6 Kf7
54. Kf2 Bg5 55. Rh8 Bf6 56. Rh6 Rg6 57. Rxg6 Kxg6 58. Ke2 Bd8 59. Be1 Bd7 60.
Bc3 Kh5 61. Be1 Bh3 62. Nd2 Ba5 63. cxb5 axb5 64. Nb1 Bd8 65. Nc3 Bd7 66. Nd5
Bc6 67. Kd1 Kg6 68. Nc3 Kf7 69. Kc2 Ke6 70. Nd1 d5 71. Nc3 d4 72. Nd1 Be8 73.
Kd2 Bf7 74. a4 Kd7 75. axb5 Bxb3 76. Nb2 Ke6 77. Nc4 Ba4 78. b6 Bb5 79. Bh4
Bxc4 80. Bxd8 Ba6 81. Bc7 Bc8 1/2-1/2

[Event "15th IT Zenica 2011"]
[Site "Zenica"]
[Date "2011.11.16"]
[Round "6.4"]
[White "Dizdarevic, Emir"]
[Black "Mestrovic, Zvonimir"]
[Result "0-1"]
[WhiteElo "2485"]
[BlackElo "2372"]
[PlyCount "86"]
[EventDate "2011.11.13"]

1. Nf3 Nf6 2. g3 g6 3. b3 Bg7 4. Bb2 O-O 5. Bg2 d6 6. d4 Ne4 7. O-O c5 8. Qc1
cxd4 9. Nxd4 Qb6 10. e3 d5 11. c4 e5 12. Ne2 Bg4 13. Nec3 Nxc3 14. Nxc3 dxc4
15. Nd5 Qd8 16. Qxc4 Be6 17. Rfd1 Nd7 18. Qb5 Rb8 19. Rac1 a6 20. Qb4 Qg5 21.
h4 Qh5 22. Rd2 Nf6 23. Nc7 Bg4 24. Qe7 Ne8 25. Nd5 Be6 26. Qg5 f6 27. Qxh5 gxh5
28. Nb6 Rf7 29. Bf3 Rc7 30. Rxc7 Nxc7 31. Bxh5 Nb5 32. Bf3 Kf7 33. a4 Na7 34.
Ba3 Nc6 35. Bh5+ Kg8 36. Bd1 e4 37. Rd6 Re8 38. Bh5 Bf7 39. Bxf7+ Kxf7 40. Rd7+
Kg6 41. Rxb7 Ne5 42. Nc4 Nf3+ 43. Kf1 Rd8 0-1

[Event "15th IT Zenica 2011"]
[Site "Zenica"]
[Date "2011.11.16"]
[Round "6.5"]
[White "Trkulja, Goran"]
[Black "Goric, Esad"]
[Result "1-0"]
[WhiteElo "2371"]
[BlackElo "2382"]
[PlyCount "45"]
[EventDate "2011.11.13"]

1. d4 Nf6 2. Nf3 d6 3. c4 Nbd7 4. Nc3 e5 5. e4 Be7 6. Be2 O-O 7. O-O c6 8. Be3
Qc7 9. d5 c5 10. Ne1 Re8 11. Nd3 Nf8 12. f4 exf4 13. Bxf4 Ng6 14. Bg3 a6 15. h4
Nd7 16. h5 Nge5 17. Nxe5 Nxe5 18. Bxe5 dxe5 19. Bg4 Bxg4 20. Qxg4 Qd6 21. Rf3
h6 22. Raf1 Rf8 23. Ne2 1-0

[Event "15th IT Zenica 2011"]
[Site "Zenica"]
[Date "2011.11.17"]
[Round "7.1"]
[White "Goric, Esad"]
[Black "Radlovacki, Jovan"]
[Result "1/2-1/2"]
[WhiteElo "2382"]
[BlackElo "2429"]
[PlyCount "96"]
[EventDate "2011.11.13"]

1. Nf3 e6 2. b3 b5 3. e3 a6 4. Bb2 Nf6 5. Be2 Bb7 6. O-O Be7 7. d3 O-O 8. Nbd2
Re8 9. c4 d6 10. b4 Nbd7 11. a4 Qb8 12. cxb5 axb5 13. axb5 e5 14. Nc4 Bd5 15.
e4 Rxa1 16. Bxa1 Bxc4 17. dxc4 Nxe4 18. Qc2 Nef6 19. Nd2 Qb6 20. Nb3 c6 21.
bxc6 Qxc6 22. Bc3 Bd8 23. b5 Qe4 24. Bd3 Qh4 25. g3 Qh5 26. Be2 Ng4 27. Bxg4
Qxg4 28. Bb4 d5 29. f3 Qxc4 30. Qxc4 dxc4 31. Nd2 Nb6 32. Rc1 Bg5 33. Rc2 Nd5
34. Bc5 Rb8 35. Ne4 Rxb5 36. Rxc4 h6 37. h4 Rb1+ 38. Kh2 Rb2+ 39. Kh1 Bf6 40.
Bg1 Ne7 41. Bf2 Nf5 42. Kg1 h5 43. g4 hxg4 44. fxg4 Nd4 45. Nxf6+ gxf6 46. Bxd4
exd4 47. Rxd4 Kg7 48. Rf4 Kg6 1/2-1/2

[Event "15th IT Zenica 2011"]
[Site "Zenica"]
[Date "2011.11.17"]
[Round "7.3"]
[White "Martinovic, Slobodan"]
[Black "Dizdarevic, Emir"]
[Result "1/2-1/2"]
[WhiteElo "2433"]
[BlackElo "2485"]
[PlyCount "25"]
[EventDate "2011.11.13"]

1. e4 e6 2. d4 d5 3. Nd2 c5 4. exd5 Qxd5 5. Ngf3 cxd4 6. Bc4 Qd6 7. O-O Nf6 8.
Nb3 Nc6 9. Nbxd4 Nxd4 10. Qxd4 Qxd4 11. Nxd4 Bd7 12. c3 Rc8 13. Bb3 1/2-1/2

[Event "15th IT Zenica 2011"]
[Site "Zenica"]
[Date "2011.11.17"]
[Round "7.4"]
[White "Novoselski, Zoran"]
[Black "Muratovic, Enver"]
[Result "1-0"]
[WhiteElo "2376"]
[BlackElo "2305"]
[PlyCount "161"]
[EventDate "2011.11.13"]

1. e4 e6 2. d4 d5 3. Nc3 Nf6 4. e5 Nfd7 5. f4 c5 6. Nf3 Nc6 7. Be3 a6 8. Qd2
cxd4 9. Nxd4 Nxd4 10. Bxd4 Bc5 11. O-O-O Bxd4 12. Qxd4 Qc7 13. h4 Qc5 14. Rh3
Qxd4 15. Rxd4 Nb8 16. Rd1 Nc6 17. Na4 b5 18. Nc5 Rb8 19. a4 Ke7 20. Rc3 Rb6 21.
Rb3 Na5 22. Rg3 g6 23. axb5 axb5 24. h5 b4 25. Be2 Rc6 26. Nb3 Nc4 27. Rh1 Rg8
28. hxg6 Rxg6 29. Rxg6 hxg6 30. Rh8 Bd7 31. Ra8 Ne3 32. Nd4 Rc7 33. g3 Nxc2 34.
Nxc2 b3 35. Bd3 bxc2 36. Bxc2 Rb7 37. Bd3 Bc6 38. Ra6 Kd7 39. Kc2 Kc7 40. b3
Bb5 41. Bxb5 Rxb5 42. Kc3 Kb7 43. Ra1 Rc5+ 44. Kd4 Rb5 45. Rb1 Rb4+ 46. Kc5 Rb6
47. g4 Rc6+ 48. Kd4 Rb6 49. f5 gxf5 50. gxf5 Kc6 51. Kc3 Kb5 52. f6 Rc6+ 53.
Kd3 Kb4 54. Ra1 Rc7 55. Ra8 Rb7 56. Re8 Kc5 57. Kc3 Kc6 58. b4 Ra7 59. Rc8+ Kd7
60. Rb8 Kc7 61. Rf8 Kc6 62. Kd4 Rb7 63. Kd3 Ra7 64. Kc3 Rb7 65. Kb3 Rd7 66.
Rc8+ Kb7 67. Re8 Kc6 68. Kc3 Rb7 69. Ra8 Kd7 70. Ra6 Rc7+ 71. Kb3 Rc6 72. Ra5
Rc1 73. b5 Rb1+ 74. Kc3 Rc1+ 75. Kb4 Rc4+ 76. Kb3 Kc8 77. Ra8+ Kb7 78. Re8 Re4
79. Re7+ Kb8 80. Rxf7 Rxe5 81. Re7 1-0

[Event "15th IT Zenica 2011"]
[Site "Zenica"]
[Date "2011.11.18"]
[Round "8.1"]
[White "Radlovacki, Jovan"]
[Black "Kojic, Tigran"]
[Result "1-0"]
[WhiteElo "2429"]
[BlackElo "2289"]
[PlyCount "57"]
[EventDate "2011.11.13"]

1. e4 e5 2. Nf3 Nc6 3. Bb5 a6 4. Ba4 Nf6 5. d3 b5 6. Bb3 Bc5 7. O-O d6 8. c3
O-O 9. Bg5 h6 10. Bh4 g5 11. Nxg5 hxg5 12. Bxg5 Kg7 13. Qf3 Rh8 14. Bd5 Bd7 15.
b4 Bb6 16. a4 Rb8 17. axb5 axb5 18. Na3 Qe7 19. Nc2 Nd8 20. Ne3 c6 21. Bb3 Kg6
22. Qg3 Rh5 23. h4 Be6 24. Bd1 Rxg5 25. Qxg5+ Kh7 26. Bg4 Ng8 27. Bf5+ Bxf5 28.
Qh5+ Nh6 29. Qxh6+ 1-0

[Event "15th IT Zenica 2011"]
[Site "Zenica"]
[Date "2011.11.18"]
[Round "8.3"]
[White "Dizdarevic, Emir"]
[Black "Novoselski, Zoran"]
[Result "0-1"]
[WhiteElo "2485"]
[BlackElo "2376"]
[PlyCount "132"]
[EventDate "2011.11.13"]

1. Nf3 g6 2. d4 Bg7 3. e4 d6 4. c3 Nf6 5. Bd3 O-O 6. O-O Nc6 7. Na3 e5 8. Nc2
h6 9. Re1 Nh7 10. Be3 Bg4 11. h3 Bd7 12. Qd2 g5 13. dxe5 dxe5 14. Bc5 Re8 15.
Ne3 Bf8 16. Bxf8 Nxf8 17. Bb5 Ng6 18. Rad1 Be6 19. Qc2 Qc8 20. Nf5 Kh7 21. Nh2
h5 22. g3 Nge7 23. Bd3 Rh8 24. Nf3 f6 25. h4 g4 26. Nd2 Qg8 27. Bb5 Qf7 28. Ba4
Rad8 29. Bb3 Nxf5 30. exf5 Bxb3 31. axb3 Ne7 32. Nc4 Nd5 33. Qe4 c6 34. Rd3 Rd7
35. Red1 Rhd8 36. b4 Nb6 37. Ne3 Na4 38. Rxd7 Rxd7 39. Rxd7 Qxd7 40. Qc2 Nb6
41. c4 Qd4 42. b3 Nc8 43. b5 Nd6 44. bxc6 bxc6 45. Kf1 Ne4 46. Ke2 a5 47. Kf1
Nxg3+ 48. Kg2 Ne4 49. Nf1 Kh6 50. Qc1+ Kg7 51. Qc2 Kf7 52. Qa2 Qd1 53. b4 axb4
54. Qa7+ Ke8 55. Qb8+ Qd8 56. Qxb4 c5 57. Qa4+ Kf7 58. Ng3 Nxg3 59. Qa7+ Qe7
60. Qxe7+ Kxe7 61. Kxg3 Kd6 62. f3 gxf3 63. Kxf3 Kc7 64. Ke3 Kb6 65. Ke4 Ka5
66. Kd5 Kb4 0-1